Statistics for Busiest train stations in The Netherlands

Click here to take the quiz!

General Stats

  • This quiz has been taken 101 times
  • The average score is 7 of 10

Answer Stats

Passengers per dayAnswer% Correct
2184 000Amsterdam Centraal
99%
392 000Rotterdam Centraal
99%
1186 000Utrecht Centraal
95%
762 000Eindhoven
83%
677 000Leiden Centraal
61%
585 000Schiphol Airport
57%
487 000The Hague Centraal
49%
1045 000Den Bosch
48%
855 000Amsterdam Zuid
43%
954 000Amsterdam Sloterdijk
29%

Score Distribution

Percentile by Number Answered

Percent of People with Each Score

Your Score History

You have not taken this quiz